LEADER 01173nam a2200265 i 4500 001 000000242158 003 CaOOAMICUS 005 20220509084526.0 008 150528s1727 it u000 u fre u 013 $a221063 026 $asen- erns e,te deav (3) 1727 (R) 040 $aSeMil$bita 100 1 $aLa Rue, Charles : de,$d<1643-1725>.$0(OLS)http://semarc/name/11966 245 10$aSermons du père De La Ruë, de la Compagnie de Jésus. Pour l'Avent. 250 $aSeconde edition. 260 $aA Lyon :$bChes les Frères Bruyset, ruë Mercière, au Soleil,$c1727. 300 $a[68], 558, [2] p. ;$c12º. 500 $aFregio xilogr. sul front. 500 $aSegn.: pg2 a12 e12 i8 A-Z12 2A4 650 4$aPrediche, omelie, sermoni - Sec. 18.-19.$0(OLS)http://semarc/subject/5107 850 $aSeMil 852 $aSeMil$W1$xVenegono$y1$m3F I 516 FA$j192504$B192504$CSeMilBibl$Z2$F203317 $8I 996 $6245$aSermons du père De La Ruë, de la Compagnie de Jésus. Pour l'Avent$9(OLS)http://semarc/title/343925 996 $6260$aA Lyon :$bChes les Frères Bruyset, ruë Mercière, au Soleil$9(OLS)http://semarc/publisher/54685 LEADER 01062nam a2200253 i 4500 001 000000073021 003 CaOOAMICUS 005 20181022144142.0 008 150529s1951 it u000 u ita u 013 $a44193 040 $aSeMil$bita 100 1 $aSpinoza, Benedictus : de ,$d<1632-1677>.$0(OLS)http://semarc/name/5025 245 10$aEpistolario /$cBaruch Spinoza ; a cura di Antonio Droetto. 260 $aTorino :$bEinaudi,$c1951. 300 $a313 p. :$b13 ill. ;$c22 cm. 490 0 $aBiblioteca di Cultura Filosofica [Einaudi] ;$v15 650 4$aSpinoza, Benedetto <1632-1677> - Lettere e carteggi.$0(OLS)http://semarc/subject/14799 700 1 $aDroetto, Antonio.$0(OLS)http://semarc/name/35628 830 0$aBiblioteca di cultura filosofica ;$v15.$0(OLS)http://semarc/title/419384 850 $aSeMil 852 $aSeMil$W1$xVenegono$y1$m2Q III 266$j39174$B39174$CSeMilBibl$Z2$F39177 $81 996 $6245$aEpistolario$9(OLS)http://semarc/title/1211 996 $6260$aTorino :$bEinaudi$9(OLS)http://semarc/publisher/29884